000 00579nam a22001817a 4500
999 _c175707
_d175707
005 20200921142112.0
010 _aENG-128443
020 _c50.00
_a9789387138063
035 _aEN-111975
037 _bDBAD/PUB
082 _a230.42
100 _aMaitreya
245 _aSuccess Sutras & Satisfaction Mantras/
_cby Swami Maitreya
260 _aVijaywada
_bSahithi Prachuranalu
_c2017
270 _a33-22-2, Chandram Buildings, C.R.Road, Chuttungunta
_bVijaywada
_e520004
_k8121088500
300 _a112p.
_c21cm(pbk)
_bpictures
942 _2ddc
_cEN
_h230.42
_mMAI